Sports Quiz

Random Sports or Cricket Quiz
Score 0/24 Timer 05:00
0 Plays Today
Balls Player % Correct
28Chris Gayle
76.8%
26Shahid Afridi
76.1%
23David Warner
74.2%
30Kapil Dev
69.4%
30Brendon McCullum
64.7%
32Sir Vivian Richards
52.5%
24Jacques Kallis
49.2%
21Misbah-ul-Haq
43.7%
32Virender Sehwag
43%
28Sir Ian Botham
26.5%
32Sir Ian Botham
26.5%
28Edwards Williams
20.3%
Balls Player % Correct
30Tillakaratne Dilshan
19.7%
27Mohammad Yousuf
16.4%
29Tim Southee
15%
32Umar Akmal
14.1%
26Mohammad Ashraful
11.5%
32Mitchell Starc
9.8%
31Hansie Cronje
8.4%
28Colin de Grandhomme
7.4%
26Dale Steyn
7.1%
31Ajuna Ranatunga
4.4%
25Shane Shillingford
2.2%
29Bruce Yardley
1%
Remove Ads.
Support Sporcle.
Get the best of Sporcle when you Go Orange. This ad-free experience offers more features, more stats, and more fun while also helping to support Sporcle. Thank you for becoming a member.

You're not logged in!

Compare scores with friends on all Sporcle quizzes.
OR
Log In

Sporcle TV

Today on Sporcle TV


Watch our educational content, quiz creation guides, and fun videos on Sporcle TV.

Show Comments

Extras

Created Jul 12, 2020ReportNominate
Tags:Cricket Quiz

Top Quizzes Today


Score Distribution

Paid Content

Your Account Isn't Verified!

In order to create a playlist on Sporcle, you need to verify the email address you used during registration. Go to your Sporcle Settings to finish the process.

Report this User

Report this user for behavior that violates our Community Guidelines.

Details: